Psychoses of uncertain aetiology / (Record no. 9384)

MARC details
000 -LEADER
fixed length control field 01142cam a2200301 a 4500
001 - CONTROL NUMBER
control field 4679621
003 - CONTROL NUMBER IDENTIFIER
control field OSt
005 - DATE AND TIME OF LATEST TRANSACTION
control field 20240919190121.0
008 - FIXED-LENGTH DATA ELEMENTS--GENERAL INFORMATION
fixed length control field 811016s1982 enk b 001 0 eng
010 ## - LIBRARY OF CONGRESS CONTROL NUMBER
LC control number 81017092
020 ## - INTERNATIONAL STANDARD BOOK NUMBER
International Standard Book Number 0521241014
020 ## - INTERNATIONAL STANDARD BOOK NUMBER
International Standard Book Number 0521284384
040 ## - CATALOGING SOURCE
Original cataloging agency MUST
Transcribing agency DDC
082 00 - DEWEY DECIMAL CLASSIFICATION NUMBER
Classification number WM 220 H192 1982
Edition number 19
100 ## - MAIN ENTRY--PERSONAL NAME
Personal name Edited by J.K Wing and Lorna Wing
9 (RLIN) 19158
245 00 - TITLE STATEMENT
Title Psychoses of uncertain aetiology /
Statement of responsibility, etc. parts I and II edited by J.K. Wing, part III edited by Lorna Wing and J.K. Wing.
260 ## - PUBLICATION, DISTRIBUTION, ETC. (IMPRINT)
Place of publication, distribution, etc. Cambridge ;
-- New York :
Name of publisher, distributor, etc. Cambridge University Press,
Date of publication, distribution, etc. 1982.
300 ## - PHYSICAL DESCRIPTION
Extent xiv, 313 p. ;
Dimensions 24 cm.
440 #0 - SERIES STATEMENT/ADDED ENTRY--TITLE
Title Handbook of psychiatry ;
Volume/sequential designation v. 3
9 (RLIN) 19159
504 ## - BIBLIOGRAPHY, ETC. NOTE
Bibliography, etc Bibliography: Includes indexes.
650 #0 - SUBJECT ADDED ENTRY--TOPICAL TERM
Topical term or geographic name as entry element Psychoses.
9 (RLIN) 19160
650 #2 - SUBJECT ADDED ENTRY--TOPICAL TERM
Topical term or geographic name as entry element Psychotic disorders.
9 (RLIN) 19161
700 1# - ADDED ENTRY--PERSONAL NAME
Personal name Wing, J. K.
Fuller form of name (John Kenneth),
Dates associated with a name 1923-
9 (RLIN) 19162
700 1# - ADDED ENTRY--PERSONAL NAME
Personal name Wing, Lorna,
Dates associated with a name 1928-2014.
9 (RLIN) 19163
856 42 - ELECTRONIC LOCATION AND ACCESS
Materials specified Publisher description
Uniform Resource Identifier <a href="http://www.loc.gov/catdir/enhancements/fy0909/81017092-d.html">http://www.loc.gov/catdir/enhancements/fy0909/81017092-d.html</a>
856 41 - ELECTRONIC LOCATION AND ACCESS
Materials specified Table of contents only
Uniform Resource Identifier <a href="http://www.loc.gov/catdir/enhancements/fy0909/81017092-t.html">http://www.loc.gov/catdir/enhancements/fy0909/81017092-t.html</a>
942 ## - ADDED ENTRY ELEMENTS (KOHA)
Source of classification or shelving scheme Dewey Decimal Classification
Koha item type Open Shelf
Holdings
Withdrawn status Lost status Source of classification or shelving scheme Damaged status Not for loan Home library Current library Date acquired Source of acquisition Inventory number Total Checkouts Full call number Barcode Date last seen Price effective from Koha item type
    Dewey Decimal Classification     MUST Main Library MUST Main Library 19/09/2024 PURCHASE 97/11515   WM 220 H192 1982 2024-22380 19/09/2024 19/09/2024 Open Shelf